| 000 | 00346nam a2200145Ia 4500 | ||
|---|---|---|---|
| 008 | 230917s9999||||xx |||||||||||||| ||und|| | ||
| 040 |
_e123289 _aMAIN |
||
| 041 | _aEnglish | ||
| 082 | _a515 T159A | ||
| 100 | _aTao, Terence | ||
| 245 | 0 | _aAnalysis 1 | |
| 260 |
_aNew Delhi _bHindustan Book Agency _c2006 |
||
| 300 | _a388 p. + p | ||
| 942 | _cBK | ||
| 999 |
_c147748 _d147748 |
||